The effect of calamansi (Citrofortunella microcarpa) extract on the mortality of golden apple snails (Pomacea canaliculata) / (Record no. 97786)
[ view plain ]
| 000 -LEADER | |
|---|---|
| fixed length control field | 00801nam a2200205 a 4500 |
| 003 - CONTROL NUMBER IDENTIFIER | |
| control field | 0 |
| 005 - DATE AND TIME OF LATEST TRANSACTION | |
| control field | 20250410102458.0 |
| 008 - FIXED-LENGTH DATA ELEMENTS--GENERAL INFORMATION | |
| fixed length control field | 090804s19uu xx 00 eng d |
| 050 ## - LIBRARY OF CONGRESS CALL NUMBER | |
| Classification number | PHS SB 951.P6 |
| Item number | .A28 2007 |
| 100 ## - MAIN ENTRY--PERSONAL NAME | |
| Personal name | Acuña, Joelle Ann. |
| 245 ## - TITLE STATEMENT | |
| Title | The effect of calamansi (Citrofortunella microcarpa) extract on the mortality of golden apple snails (Pomacea canaliculata) / |
| Statement of responsibility, etc | Joelle Ann Acuña. |
| 260 ## - PUBLICATION, DISTRIBUTION, ETC. (IMPRINT) | |
| Place of publication, distribution, etc | Las Piñas City, Philippines : |
| Name of publisher, distributor, etc | Southville International School and Colleges, |
| Date of publication, distribution, etc | 2007. |
| 300 ## - PHYSICAL DESCRIPTION | |
| Extent | 26 pages ; |
| Dimensions | 28 cm. |
| 504 ## - BIBLIOGRAPHY, ETC. NOTE | |
| Bibliography, etc | Includes bibliographical references. |
| 650 ## - SUBJECT ADDED ENTRY--TOPICAL TERM | |
| Topical term or geographic name as entry element | Pomacea canaliculata (Golden apple snails). |
| 650 ## - SUBJECT ADDED ENTRY--TOPICAL TERM | |
| Topical term or geographic name as entry element | Citrofortunella microcarpa (Calamansi). |
| 650 ## - SUBJECT ADDED ENTRY--TOPICAL TERM | |
| Topical term or geographic name as entry element | Snails |
| General subdivision | Mortality. |
| 650 ## - SUBJECT ADDED ENTRY--TOPICAL TERM | |
| Topical term or geographic name as entry element | Calamansi |
| General subdivision | Effect on snails. |
| 942 ## - ADDED ENTRY ELEMENTS (KOHA) | |
| Source of classification or shelving scheme | Library of Congress Classification |
| Koha item type | PASS |
| Withdrawn status | Lost status | Source of classification or shelving scheme | Damaged status | Home library | Current library | Shelving location | Date acquired | Source of acquisition | Total Checkouts | Full call number | Barcode | Date last seen | Price effective from | Koha item type |
|---|---|---|---|---|---|---|---|---|---|---|---|---|---|---|
| Library of Congress Classification | Luxembourg Library | Luxembourg Library | Portfolio Assessment of SISC Students Section | 08/04/2009 | Donation | PHS SB 951.P6 .A28 2007 | P1858 | 04/08/2014 | 04/08/2014 | PASS |